000 00322nam a2200145Ia 4500
005 20251222141803.0
008 251222s9999||||xx |||||||||||||| ||spa||
020 _a9781631130311
082 _a613.26/D31
100 _aDavis, William
245 0 _aAdicto al Pan:
250 _a1ra.ed.
264 _bAguilar
942 _cLIB
999 _c6206
_d6206